Statistics for fashion & decade

Click here to take the quiz!

General Stats

  • This quiz has been taken 25 times
  • The average score is 7 of 10

Answer Stats

Hint Answer % Correct
afro70
100%
miniskirt60
95%
bob20
80%
femullet80
70%
flares70
70%
leggings80
65%
converse50
50%
bouffant60
50%
leather jacket50
45%
heart lips20
40%

Score Distribution

Percentile by Number Answered

Percent of People with Each Score

Your Score History

You have not taken this quiz